000 00490nam a2200169 4500
001 113994
003 ES-MaACL
005 20230906190042.0
007 t|
008 061121s1973 sp r ||||1| spa d
100 1 _aPaillard, Jean.
_988319
245 1 0 _aCuando Dios no nos es útil /
_cJean Paillard ; traducción por D. Eloy Requena.
260 _aMadrid :
_bStudium,
_c1973.
300 _a151 p. ;
_c19 cm.
700 1 _aRequena, Eloy.
_996289
852 _aES-MaACL
_jC-56178
_bR.88624
999 _c113994
_d113994